01258nam a2200253Ia 4500001001200000003000800012006001900020007001500039008004100054040002100095035002000116050002400136245031200160260006400472300001800536533015200554650002900706651005700735655002900792700002300821710001700844856012600861999001700987ebr10064791CaPaEBRm u cr cn|||||||||031008s2004 nyua s 000 0 eng d aCaPaEBRcCaPaEBR a(OCoLC)7072836714aJZ5588b.S83 2004eb00aStability, security and sovereignty in the Republic of Georgiah[electronic resource] :brapid response conflict prevention assessment /csponsored by the Council on Foreign Relations Center for Preventative Action; David L. Phillips, Senior Fellow and Deputy Director of the Center for Preventative Action. aNew York, NY :bCouncil on Foreign Relations Press,cc2004. a29 p. :bill. aElectronic reproduction.bPalo Alto, Calif. :cebrary,d2009.nAvailable via World Wide Web.nAccess may be limited to ebrary affiliated libraries. 0aSecurity, International. 0aUnited StatesxForeign relationszGeorgia (Republic) 7aElectronic books.2local1 aPhillips, David L.2 aebrary, Inc.40uhttp://site.ebrary.com/lib/rucke/Doc?id=10064791zAn electronic book accessible through the World Wide Web; click to view c48282d48282